<?xml version="1.0" encoding="UTF-8"?>
<record
    xmlns:xsi="http://www.w3.org/2001/XMLSchema-instance"
    xsi:schemaLocation="http://www.loc.gov/MARC21/slim http://www.loc.gov/standards/marcxml/schema/MARC21slim.xsd"
    xmlns="http://www.loc.gov/MARC21/slim">

  <leader>00361nam a22001217a 4500</leader>
  <datafield tag="040" ind1=" " ind2=" ">
    <subfield code="c">RUA</subfield>
  </datafield>
  <datafield tag="082" ind1=" " ind2=" ">
    <subfield code="a">OFF HUN 2009 C108 Or.</subfield>
  </datafield>
  <datafield tag="100" ind1=" " ind2=" ">
    <subfield code="a">HUN SEN ,</subfield>
  </datafield>
  <datafield tag="245" ind1=" " ind2=" ">
    <subfield code="a">Board Of Engineers Cambodia, &#x1782;&#x178E;&#x17C8;&#x179C;&#x17B7;&#x179F;&#x17D2;&#x179C;&#x1780;&#x179A;&#x1780;&#x1798;&#x17D2;&#x1796;&#x17BB;&#x1787;&#x17B6; &#x17E0;&#x17E7; &#x1798;&#x17C1;&#x179F;&#x17B6; &#x17E2;&#x17E0;&#x17E0;&#x17E9;</subfield>
  </datafield>
  <datafield tag="260" ind1=" " ind2=" ">
    <subfield code="a">PHNOM PENH</subfield>
    <subfield code="b">RUA</subfield>
    <subfield code="c">2009</subfield>
  </datafield>
  <datafield tag="300" ind1=" " ind2=" ">
    <subfield code="a">79p.</subfield>
    <subfield code="b">ill,</subfield>
    <subfield code="c">22cm,</subfield>
  </datafield>
  <datafield tag="942" ind1=" " ind2=" ">
    <subfield code="c">REC</subfield>
  </datafield>
  <datafield tag="999" ind1=" " ind2=" ">
    <subfield code="c">25457</subfield>
    <subfield code="d">25457</subfield>
  </datafield>
  <datafield tag="952" ind1=" " ind2=" ">
    <subfield code="0">0</subfield>
    <subfield code="1">0</subfield>
    <subfield code="4">0</subfield>
    <subfield code="6">OFF_HUN_2009_000000000000000_C108_OR</subfield>
    <subfield code="7">0</subfield>
    <subfield code="9">105792</subfield>
    <subfield code="a">LBC</subfield>
    <subfield code="b">LBC</subfield>
    <subfield code="c">C108</subfield>
    <subfield code="d">2026-02-04</subfield>
    <subfield code="o">OFF HUN 2009 C108 Or.</subfield>
    <subfield code="p">C034273</subfield>
    <subfield code="r">2026-02-04</subfield>
    <subfield code="y">REC</subfield>
  </datafield>
</record>
